01475nam a22003737a 4500003000500000005001700005008004100022010000900063011001000072035001000082040000900092090001000101100004600111245014700157260004000304300003000344502008600374590003700460590004100497590004100538590004100579590004100620590004100661590004200702650004900744650003600793650002700829650004400856901000700900942001000907949004200917999001500959952012700974CHAP20250930131356.0971013s1994 r 00010 d a9854 a10826 a10064 cCHAP aTesis10aSalinas Hernández, Rosa María9101671 aDeterminación de tiempo y condiciones de frigoconservación de durazno (Prunnus pérsica (L.) Batsch) cultivares flordagold y flordagrande aChapingo, Méx. :bEl autor,c1994 a110 h.b: ilus. ; gráfs aTesis (Ing. Agroindustrial) -- UACH. Departamento de Ingeniería Agroindustrial% aALEPHb10c20130110lUCH01h1225 aBATCH-UPDb10c20130109lUCH01h2355 aBATCH-UPDb10c20130110lUCH01h1730 aBATCH-UPDb10c20130409lUCH01h1928 aBATCH-UPDb10c20130410lUCH01h1111 aBATCH-UPDb10c20130914lUCH01h0122 aCONVERSIONb10c20130109lUCH01h130614aAlimentosxPropiedades organolepticas.9427014aDuraznoxAlmacenamiento.93457314aFrigoríficos.94331714aTemperaturaxEfecto en durazno.9112190 aBK cTESIS bBCcTESd-21441eTS1h26443i10064si c9854d9854 00102local4051708TESISaBCbBCcPA_TESISd2019-12-31fTESISl0oTesisp-21441r2019-12-31 00:00:00w2019-12-31yTESIS